Intelligent agents : theory and applications
Αποθηκεύτηκε σε:
| Κύριος συγγραφέας: | |
|---|---|
| Άλλοι συγγραφείς: | |
| Μορφή: | Βιβλίο |
| Γλώσσα: | English |
| Δημοσίευση: |
Berlin ; New York :
Springer,
c2004
|
| Σειρά: | Studies in fuzziness and soft computing ;
; 155 |
| Θέματα: | |
| Ετικέτες: |
Προσθήκη ετικέτας
Δεν υπάρχουν, Καταχωρήστε ετικέτα πρώτοι!
|
MARC
| LEADER | 00000nam a2200000 i 4500 | ||
|---|---|---|---|
| 001 | 1/64634 | ||
| 008 | 071127s2004 eng d | ||
| 020 | |a 3-540-22003-8 | ||
| 035 | |l 10092577 | ||
| 040 | |a GR-MY-UA |b gre |e aacr | ||
| 041 | 0 | |a eng | |
| 082 | 0 | |a 006.33 |2 (22) | |
| 100 | 1 | |a Resconi, Germano. | |
| 245 | 1 | 0 | |a Intelligent agents : |b theory and applications / |c Germano Resconi, Lakhmi C. Jain |
| 260 | |a Berlin ; New York : |b Springer, |c c2004 | ||
| 300 | |a xii, 402 σ.; |b εικ.; |c 25 εκ. | ||
| 490 | 1 | |a Studies in fuzziness and soft computing |v ; 155 | |
| 504 | |a Περιέχει βιβλιογραφικές παραπομπές και ευρετήριο | ||
| 650 | 0 | 0 | |a Intelligent agents (Computer software) |
| 700 | 1 | |a Jain, L. C. | |
| 830 | 0 | |a Studies in fuzziness and soft computing ; |v ; 155 | |
| 852 | |a INST |b SAMOS |e 20071127 |h 006.33 RES |p 005300027675 |q 005300027675 |t BK |y 0 | ||
| 901 | |a BIBL3-2007-3 | ||
| 909 | |a Σ |b 140246 | ||
| 922 | |a 3ΕΛΗ |b 200711 |c ΕΠΕΑΕΚ2/ΤΜΠΕΣ |d ΠΑΠΑΣΩΤΗΡΙΟΥ | ||
| 970 | |a ΡΟΥΣΣΟΥ |b ΚΩΝΣΤΑΝΤΙΝΑ |z 2007/11/27 | ||